000 01575cam a22002294a 4500
005 20250605163921.0
008 250528s ||||||||||||||||||||||||d
035 _a14402
020 _a761972072
040 _aGR-AtMCL
_bgre
_dGR-AtMCL
_eAACR2
245 1 _aHandbook of Counselling Psychology / The Second Edition is a Developmental Step Forward for Counselling Psychology, where the Discipline's Stance on what Constitutes Science, inquiry and the Nature of Evidence-Based Practice is Clearly Outlined. Essential Reading Material.
250 _a2nd
260 _bSage Publications,
_c2003
300 _a709
520 _aThe Definitive guide to the context, theory and practice of contemporary counselling psychology. Acknowledgements, Preface, Setting the Scene, The Nature of Counselling Psychology, Methodology, Qualitative Research Methods in Counselling Psychology, Evaluating Counselling Psychology Practice, Perspectives on Practice, The Psychodynamic Paradigm, The Humanistic Paradigm, The Feminist Paradigm, The Constructivist Paradigm, Psychological Interventions: Developmental Issues, Psychological Counselling of Children and Young People, Psychological Counselling in Mid-Life Issues, Themes and Contexts, Counselling Psychology in Groups, Enhancing Learning Skills, Social and Professional and Ethical Issues, Training and Professional Development in the Context of Counselling Psychology, Index.
700 1 _aDryden Windy
_948
700 1 _aStrawbridge Sheelagh
_949
700 1 _aWoolfe Ray
_950
942 _cBK
999 _c36
_d36